<?xml version="1.0" encoding="UTF-8"?><?xml-stylesheet type="text/xsl" href="static/style.xsl"?><OAI-PMH xmlns="http://www.openarchives.org/OAI/2.0/" xmlns:xsi="http://www.w3.org/2001/XMLSchema-instance" xsi:schemaLocation="http://www.openarchives.org/OAI/2.0/ http://www.openarchives.org/OAI/2.0/OAI-PMH.xsd"><responseDate>2026-07-03T07:41:29Z</responseDate><request verb="GetRecord" identifier="oai:docta.ucm.es:20.500.14352/43250" metadataPrefix="marc">https://docta.ucm.es/rest/oai/request</request><GetRecord><record><header><identifier>oai:docta.ucm.es:20.500.14352/43250</identifier><datestamp>2023-08-04T00:38:04Z</datestamp><setSpec>com_20.500.14352_14</setSpec><setSpec>col_20.500.14352_15</setSpec></header><metadata><record xmlns="http://www.loc.gov/MARC21/slim" xmlns:dcterms="http://purl.org/dc/terms/" xmlns:xsi="http://www.w3.org/2001/XMLSchema-instance" xmlns:doc="http://www.lyncode.com/xoai" xsi:schemaLocation="http://www.loc.gov/MARC21/slim http://www.loc.gov/standards/marcxml/schema/MARC21slim.xsd">
   <leader>00925njm 22002777a 4500</leader>
   <datafield ind2=" " ind1=" " tag="042">
      <subfield code="a">dc</subfield>
   </datafield>
   <datafield ind2=" " ind1=" " tag="720">
      <subfield code="a">Biblioteca de la Facultad de Bellas Artes, UCM</subfield>
      <subfield code="e">author</subfield>
   </datafield>
   <datafield ind2=" " ind1=" " tag="720">
      <subfield code="a">Vian Herrero, Ángeles</subfield>
      <subfield code="e">author</subfield>
   </datafield>
   <datafield ind2=" " ind1=" " tag="260">
      <subfield code="c">2012-02-23</subfield>
   </datafield>
   <datafield ind2=" " ind1=" " tag="520">
      <subfield code="a">Toya Legido, Luis Castelo y Manuel Barbero, profesores de la Facultad, brindan a su Biblioteca una nueva oportunidad de exhibir varias obras de nuestra colección más exótica, dada a conocer por primera vez en la exposición "Flores de Edo: samuráis, artistas y geishas..."

Juan Carlos Cebrián (1848-1935) es el mecenas bibliófilo a quien debemos este patrimonio tan peculiar. Arquitecto e ingeniero en Estados Unidos durante varios años, se preocupa por el intercambio cultural entre ambos países: funda bibliotecas españolas en ciudades americanas (Berkeley, Stanford, San Francisco) y envía libros de difícil adquisición a instituciones culturales y educativas españolas. Una de ellas, la biblioteca de la Escuela Especial de Pintura, Escultura y Grabado, agradece tan sinceramente su filantropía que solicita para él la Orden Civil de Alfonso XII. La escuela japonesa de pintura ukiyo-e es la protagonista de esta colección, valioso conjunto de libros y grabados de los periodos Edo o Tokugawa (1603-1868) y Meiji  (1868-1912).

Ukiyo-e, "imágenes del mundo flotante", término poético, deriva de la concepción budista de la existencia, efímera, ilusoria. Ukiyo- e, en esta época, adquiere un matiz hedonista. La creciente burguesía de las grandes ciudades, especialmente de la capital, Edo [1], se divierte. Ukiyo es...vivir.</subfield>
   </datafield>
   <datafield ind1="8" ind2=" " tag="024">
      <subfield code="a">https://hdl.handle.net/20.500.14352/43250</subfield>
   </datafield>
   <datafield ind2="0" ind1="0" tag="245">
      <subfield code="a">Los animales de nuestro "mundo flotante" (*)</subfield>
   </datafield>
</record></metadata></record></GetRecord></OAI-PMH>